• 首页
  • 本馆介绍
  • 公告通知
  • 最新文献
  • 馆藏检索
  • 电子资源
  • 读者导购
  • 参考咨询
  • 我的图书馆
  • 登录
  • 详细信息显示
  • 放入我的书架
  • 预约/预借图书
  • 作者相关作品
  • 分类相关作品
  • 丛书相关作品
  • 出版社相关作品

书目信息

  • 表格格式
  • 工作单格式
  • 卡片格式
题名:
国防经济论
    
 
作者: 董问樵 著
分册:  
出版信息: 北京   北京理工大学出版社  2007
页数: 205页
开本: 24cm
丛书名: 国民经济动员研究书系
单 册:
中图分类: E0-054
科图分类:
主题词: 国防经济学--研究
电子资源:
ISBN: 978-7-5640-0431-6
000 01174oam2 2200301 450
001 012004139893
005 20070807111218.43
009 012004139893
010    @a978-7-5640-0431-6@dCNY26.00
035    @a(110019)012007018267
100    @a20070607d2007 em y0chiy0110 ea
101 0  @achi
102    @aCN@b110000
105    @ay z 000yy
106    @ar
200 1  @a国防经济论@Aguo fang jing ji lun@dOn economy of defense@f董问樵著@Fdong wen qiao zhu@zeng
210    @a北京@c北京理工大学出版社@d2007
215    @a205页@d24cm
225 2  @a国民经济动员研究书系@Aguo min jing ji dong yuan yan jiu shu xi
300    @a“十一五”国家重点图书出版规划项目
330    @a本书综合分析了当时德国的国防经济思想的同时,阐述了作者自己的学术思想和实践主张。全书分上下两篇。上篇国防经济静态,注重于现代战争与国防的解释,国防经济的本质及原则的说明,国防经济政策的主要问题,及国防经济学的成立。下篇国防经济动态则研究国防经济的四个阶段。
461  0 @12001 @a国民经济动员研究书系
510 1  @aOn economy of defense@zeng
606 0  @a国防经济学@x研究
690    @aE0-054@v4
701  0 @a董问樵@Adong wen qiao@4著
801  0 @aCN@b110019@c20070807
905    @dE0-054@e19@f1
    
    国防经济论=On economy of defense/董问樵著.-北京:北京理工大学出版社,2007
    205页;24cm.-(国民经济动员研究书系)
    “十一五”国家重点图书出版规划项目
    
    ISBN 978-7-5640-0431-6:CNY26.00
    本书综合分析了当时德国的国防经济思想的同时,阐述了作者自己的学术思想和实践主张。全书分上下两篇。上篇国防经济静态,注重于现代战争与国防的解释,国防经济的本质及原则的说明,国防经济政策的主要问题,及国防经济学的成立。下篇国防经济动态则研究国防经济的四个阶段。
●
相关链接 在E读中查询图书 在五车中查询图书 在当当中查询图书 在豆瓣中查询图书


正题名:国防经济论     索取号:E0-054/19         预约/预借

序号 登录号 条形码 馆藏地/架位号 状态 备注
1 0853984   208539848   第一样本阅览室/ [索取号:E0-054/19] 在馆    
唐山师范学院图书馆 欢迎您!
大连网信软件有限公司© 版权所有